000 01022nam a2200241 a 4500
001 40468
003 BD-RjUL
005 20211209053224.0
008 160502s1989 bg ||||| |||| 00| 0 ben d
020 _c: Tk. 30.00
035 _a(BD-RjUL) 40583
040 _aBD-RjUL
_bben
_cBD-RjUL
041 _aben
082 _223
_a370.1
_bPEK 1989
100 _aপিটার্স, আর. এস.
_9124649
245 1 0 _aকর্তৃত্ব, দায়িত্ব ও শিক্ষা /
_cআর. এস. পিটার্স ; অনুবাদক: মোহাম্মদ সাখাওয়াত হোসেন
260 _aঢাকা :
_bবাংলা একাডেমী,
_c১৯৮৯
300 _a[১৪], ১১৮ পৃ. ;
_c২১ সেমি.
650 _aশিক্ষা
_xদর্শন
_9124645
650 _aEducation
_xPhilosophy
_9117134
700 _aহোসেন, মোহাম্মদ সাখাওয়াত অনুবাদক
_9124650
942 _2ddc
_cBK
999 _c40468
_d40468